Statistics for Diplomatic Missions of Cambodia

Click here to take the quiz!

General Stats

  • This quiz has been taken 21 times
  • The average score is 54 of 73

Answer Stats

MissionAnswer% Correct
CountryChina
100%
CountryFrance
100%
CountryIndia
100%
CountryIndonesia
100%
CountryJapan
100%
CountryLaos
100%
CountryMalaysia
100%
CountrySouth Korea
100%
CountryUnited States
100%
CountryVietnam
100%
CountryAustralia
94%
CountryGermany
94%
CountryMyanmar
94%
EmbassySingapore
94%
CountrySingapore
94%
CountryThailand
94%
CountryUnited Kingdom
94%
EmbassyBeijing
88%
CountryBrazil
88%
CountryBrunei
88%
Consulate GeneralGuangzhou
88%
EmbassyHanoi
88%
EmbassyJakarta
88%
Permanent RepresentativeJakarta
88%
EmbassyKuala Lumpur
88%
EmbassyNew Delhi
88%
EmbassyParis
88%
Permanent DelegationParis
88%
EmbassySeoul
88%
Consulate GeneralShanghai
88%
EmbassyTokyo
88%
CountryTurkey
88%
EmbassyWashington D.C.
88%
EmbassyBangkok
81%
CountryBelgium
81%
EmbassyBerlin
81%
EmbassyCanberra
81%
EmbassyLondon
81%
CountryNorth Korea
81%
CountryRussia
81%
CountrySwitzerland
81%
EmbassyVientiane
81%
EmbassyYangon
81%
EmbassyAnkara
75%
EmbassyBrasília
75%
EmbassyBrussels
75%
Consulate GeneralHo Chi Minh City
75%
Consulate GeneralHong Kong
75%
CountryPhilippines
75%
CountryEgypt
69%
EmbassyGeneva
69%
EmbassyMoscow
69%
EmbassyPyongyang
69%
EmbassyBandar Seri Begawan
63%
CountryCuba
63%
Permanent MissionNew York City
63%
EmbassyHavana
56%
Consulate GeneralXian
56%
Consulate GeneralChongqing
50%
CountryKuwait
50%
EmbassyKuwait City
50%
CountryBulgaria
44%
Consulate GeneralKunming
38%
Consulate GeneralNanning
38%
EmbassyGiza
31%
Consulate GeneralJinan
31%
Consulate GeneralPakse
31%
CountrySerbia
31%
EmbassySofia
31%
EmbassyBelgrade
25%
Consulate GeneralHaikou
25%
EmbassyMakati
25%
Consulate GeneralSa Kaeo
19%

Score Distribution

Percentile by Number Answered

Percent of People with Each Score

Your Score History

You have not taken this quiz